[Event "Bad Pyrmont Pape op 3rd"]
[Site "Bad Pyrmont"]
[Date "2024.07.26"]
[Round "2"]
[White "Kobs, Stephan"]
[Black "Hagemeister, Philipp"]
[Result "0-1"]
[WhiteElo "1890"]
[BlackElo "2081"]
[PlyCount "86"]
[EventDate "2024.07.25"]
[EventType "swiss"]
[EventRounds "7"]
[EventCountry "GER"]
[SourceTitle "CB31_2024"]
[SourceDate "2024.07.31"]
[SourceVersion "1"]
[SourceVersionDate "2024.07.31"]
[SourceQuality "1"]

1. Nf3 d5 2. g3 g6 3. Bg2 Bg7 4. d4 Nf6 5. 0-0 0-0 6. c4 c6 7. cxd5 cxd5 8. Nc3 Nc6 9. Bf4 h6 10. Ne5 e6 11. Nxc6 bxc6 12. Be5 Ba6 13. Na4 Nd7 14. Bxg7 Kxg7 15. Rc1 Qa5 16. b3 Rac8 17. Re1 Rfd8 18. e3 Kg8 19. Qc2 Bb5 20. Nc3 c5 21. Nxb5 Qxb5 22. Bf1 Qb6 23. Qd2 Rc7 24. e4 Nf6 25. dxc5 Rxc5 26. Rxc5 Qxc5 27. e5 Nd7 28. Qxh6 Rc8 29. Bd3 Qc3 30. Qe3 Nxe5 31. Qxe5 Qxd3 32. Qe3 Qxe3 33. Rxe3 Kf8 34. Re2 Rc1+ 35. Kg2 Ke7 36. f4 Kd6 37. Kf3 f6 38. Ke3 e5 39. fxe5+ fxe5 40. Kd2 Ra1 41. Kc3 d4+ 42. Kb2 Rf1 43. Kc2 Kd5 0-1

[Event "Bad Pyrmont Pape op 3rd"]
[Site "Bad Pyrmont"]
[Date "2024.07.26"]
[Round "3"]
[White "Zoch, Werner"]
[Black "Kobs, Stephan"]
[Result "1/2-1/2"]
[WhiteElo "1941"]
[BlackElo "1890"]
[PlyCount "60"]
[EventDate "2024.07.25"]
[EventType "swiss"]
[EventRounds "7"]
[EventCountry "GER"]
[SourceTitle "CB31_2024"]
[SourceDate "2024.07.31"]
[SourceVersion "1"]
[SourceVersionDate "2024.07.31"]
[SourceQuality "1"]

1. e4 c5 2. Nf3 d6 3. d4 cxd4 4. Nxd4 Nf6 5. Nc3 a6 6. Bg5 e6 7. f4 b5 8. e5 dxe5 9. fxe5 Qc7 10. Nf3 b4 11. exf6 bxc3 12. fxg7 Bxg7 13. b3 Bb7 14. Bd3 Nd7 15. 0-0 Nc5 16. Qe2 Nxd3 17. Qxd3 h6 18. Bh4 Qc5+ 19. Kh1 Qd5 20. Qe3 0-0 21. Rad1 Qh5 22. Be7 Rfe8 23. Bd6 Rad8 24. Bb4 Rxd1 25. Rxd1 Bxf3 26. gxf3 Rc8 27. Rg1 Kh8 28. Qe4 Rd8 29. Qe3 Rd2 30. Rg2 Rd1+ 1/2-1/2

[Event "Marburg op-A"]
[Site "Marburg"]
[Date "2023.10.29"]
[Round "6"]
[White "Kobs, Stephan"]
[Black "Berstler, Tobias"]
[Result "1/2-1/2"]
[WhiteElo "1828"]
[BlackElo "1598"]
[PlyCount "103"]
[EventDate "2023.10.26"]
[EventType "swiss"]
[EventRounds "7"]
[EventCountry "GER"]
[SourceTitle "CB49_2023"]
[SourceDate "2023.12.06"]
[SourceVersion "1"]
[SourceVersionDate "2023.12.06"]
[SourceQuality "1"]

1. e4 c6 2. d4 d5 3. exd5 cxd5 4. c4 Nf6 5. Nc3 e6 6. Nf3 Bb4 7. cxd5 Nxd5 8. Qc2 Nc6 9. a3 Ba5 10. Bd3 Nxc3 11. bxc3 Nxd4 12. Nxd4 Qxd4 13. Bb5+ Bd7 14. 0-0 Qd5 15. c4 Qf5 16. Bxd7+ Kxd7 17. Qa4+ Ke7 18. Rb1 b6 19. Be3 Qe4 20. Qb5 Rhc8 21. c5 Rab8 22. cxb6 Bxb6 23. Bxb6 Rxb6 24. Qg5+ Kf8 25. Rxb6 axb6 26. Rd1 f6 27. Qd2 Qc6 28. h3 b5 29. Rb1 Qc5 30. Qd7 e5 31. Qxb5 Qxa3 32. Qb4+ Qxb4 33. Rxb4 Kf7 34. g4 Kg6 35. Kg2 Rc7 36. Kg3 Rd7 37. f3 h5 38. Ra4 Rd4 39. Ra7 hxg4 40. hxg4 Rd3 41. Ra4 f5 42. gxf5+ Kxf5 43. Rb4 g5 44. Ra4 Rd4 45. Ra8 e4 46. Ra5+ Kf6 47. Ra6+ Ke5 48. Ra5+ Rd5 49. Rxd5+ Kxd5 50. fxe4+ Kxe4 51. Kg4 Ke5 52. Kxg5 1/2-1/2

[Event "Marburg op-A"]
[Site "Marburg"]
[Date "2023.10.29"]
[Round "7"]
[White "Paashaus, Detlef"]
[Black "Kobs, Stephan"]
[Result "1-0"]
[WhiteElo "1870"]
[BlackElo "1828"]
[PlyCount "65"]
[EventDate "2023.10.26"]
[EventType "swiss"]
[EventRounds "7"]
[EventCountry "GER"]
[SourceTitle "CB49_2023"]
[SourceDate "2023.12.06"]
[SourceVersion "1"]
[SourceVersionDate "2023.12.06"]
[SourceQuality "1"]

1. e4 c5 2. Nf3 d6 3. Bb5+ Bd7 4. Bxd7+ Nxd7 5. c4 Ngf6 6. Nc3 e6 7. d4 cxd4 8. Nxd4 a6 9. 0-0 Be7 10. Be3 0-0 11. f3 Rc8 12. Qb3 Nc5 13. Qc2 Qc7 14. Rac1 Rfd8 15. Qe2 Qb8 16. Bf2 b6 17. Rfd1 Qb7 18. g4 Ne8 19. b4 Nd7 20. b5 axb5 21. cxb5 Bg5 22. Rc2 Ne5 23. Bg3 Ng6 24. Nc6 Rd7 25. Qf2 Nf4 26. Bxf4 Bxf4 27. Na4 Ra8 28. Nxb6 Ra3 29. Re1 Rc7 30. Kh1 Nf6 31. Nc4 Ra8 32. e5 dxe5 33. Nd6 1-0

[Event "Marburg op-A"]
[Site "Marburg"]
[Date "2023.10.27"]
[Round "3"]
[White "Olson, Philip Christoph"]
[Black "Kobs, Stephan"]
[Result "1/2-1/2"]
[WhiteElo "1512"]
[BlackElo "1828"]
[PlyCount "36"]
[EventDate "2023.10.26"]
[EventType "swiss"]
[EventRounds "7"]
[EventCountry "GER"]
[SourceTitle "CB49_2023"]
[SourceDate "2023.12.06"]
[SourceVersion "1"]
[SourceVersionDate "2023.12.06"]
[SourceQuality "1"]

1. d4 Nf6 2. Bf4 g6 3. Nc3 d5 4. e3 c6 5. Nf3 Bg7 6. h4 h5 7. Be2 Bg4 8. Ne5 Bxe2 9. Qxe2 Nbd7 10. f3 Nxe5 11. Bxe5 Qa5 12. g4 0-0-0 13. 0-0-0 b5 14. a3 Ne8 15. Bxg7 Nxg7 16. e4 e6 17. g5 Rhe8 18. Na2 Qb6 1/2-1/2

[Event "Niedersachsen-ch"]
[Site "Verden an der Aller"]
[Date "2020.01.04"]
[Round "5"]
[White "Kobs, Stephan"]
[Black "Korb, Ruben"]
[Result "0-1"]
[WhiteElo "1962"]
[BlackElo "1709"]
[PlyCount "104"]
[EventDate "2020.01.02"]
[EventType "swiss"]
[EventRounds "7"]
[EventCountry "GER"]
[SourceTitle "EXT 2021"]
[Source "ChessBase"]
[SourceDate "2020.10.23"]
[SourceVersion "1"]
[SourceVersionDate "2020.10.23"]
[SourceQuality "1"]

1. e4 e5 2. Nf3 Nc6 3. Bb5 a6 4. Ba4 Nf6 5. d4 exd4 6. 0-0 Be7 7. Re1 b5 8. e5 Nxe5 9. Rxe5 d6 10. Re1 bxa4 11. Nxd4 Bd7 12. Qf3 0-0 13. Nc6 Bxc6 14. Qxc6 d5 15. Nc3 a3 16. b3 Qd6 17. Qxd6 Bxd6 18. Bd2 Rfe8 19. Rad1 Bc5 20. Rxe8+ Rxe8 21. Re1 Kf8 22. Na4 Bd6 23. Rxe8+ Kxe8 24. Kf1 Ne4 25. Be3 f5 26. f3 Nf6 27. g3 Nd7 28. Ke2 Kf7 29. c3 Ke6 30. f4 a5 31. Kd3 Be7 32. c4 c6 33. Bd2 Bb4 34. Bxb4 axb4 35. c5 Nf6 36. Kd4 h5 37. Nb6 Ne4 38. Na8 Nc3 39. Nc7+ Kd7 40. Na6 Nxa2 41. Ke5 Nc3 42. Nxb4 a2 43. Nxa2 Nxa2 44. Kxf5 Nb4 45. Ke5 Nc2 46. f5 Ke7 47. h3 Ne3 48. Kf4 Nc2 49. g4 hxg4 50. hxg4 Nb4 51. Ke5 Na6 52. Kd4 Kf6 0-1

[Event "Wiesbaden op 30th"]
[Site "Wiesbaden"]
[Date "2018.08.25"]
[Round "4"]
[White "Belz, Frank Martin"]
[Black "Kobs, Stephan"]
[Result "1/2-1/2"]
[WhiteElo "2041"]
[BlackElo "1926"]
[PlyCount "149"]
[EventDate "2018.08.23"]
[EventType "swiss"]
[EventRounds "7"]
[EventCountry "GER"]
[SourceTitle "CBM 186 Extra"]
[Source "ChessBase"]
[SourceDate "2018.08.24"]
[SourceVersion "1"]
[SourceVersionDate "2018.08.24"]
[SourceQuality "1"]

1. d4 Nf6 2. Nf3 g6 3. c4 c5 4. Nc3 cxd4 5. Nxd4 Bg7 6. e4 d6 7. Be2 Nc6 8. Be3 0-0 9. 0-0 Bd7 10. Nc2 Rc8 11. f3 Na5 12. b3 a6 13. Rc1 b5 14. Nd5 Nxd5 15. cxd5 f5 16. Nd4 fxe4 17. fxe4 Rxf1+ 18. Bxf1 Rxc1 19. Qxc1 Qc8 20. Qxc8+ Bxc8 21. h3 Kf7 22. Kf2 Bd7 23. g4 h6 24. Kg2 Kf8 25. Be2 Kf7 26. h4 Kf8 27. h5 g5 28. Kf2 Kf7 29. Ke1 Nb7 30. b4 Nd8 31. Kd2 Ke8 32. Nf5 Bxf5 33. exf5 Nf7 34. Kc2 Kd7 35. Kb3 Kc7 36. a4 bxa4+ 37. Kxa4 Ne5 38. Ka5 Nd7 39. Kxa6 Bc3 40. Kb5 Kb7 41. Bf2 Ne5 42. Ka4 Nd7 43. Kb3 Bf6 44. Kc4 Ne5+ 45. Kb5 Nd7 46. Be1 Bd4 47. Kc4 Bf6 48. Bf2 Ne5+ 49. Kb5 Nd7 50. Ka5 Bc3 51. Ba6+ Kb8 52. Be2 Kb7 53. Ka4 Bf6 54. Kb3 Ne5 55. Kc2 Nd7 56. Kd3 Ne5+ 57. Ke4 Nd7 58. Be3 Bc3 59. b5 Nf6+ 60. Kd3 Be5 61. Bf3 Nd7 62. Kc4 Nb6+ 63. Kb4 Nd7 64. Ka5 Bc3+ 65. Ka4 Bf6 66. Kb3 Nb6 67. Bd2 Nd7 68. Ba5 Nc5+ 69. Kc4 Na4 70. Kb3 Nc5+ 71. Kc2 Na4 72. Be2 Nc5 73. Bc3 Kb6 74. Bd2 Bd4 75. Bc3 1/2-1/2

[Event "Wiesbaden op 30th"]
[Site "Wiesbaden"]
[Date "2018.08.24"]
[Round "2"]
[White "Gries, Volker"]
[Black "Kobs, Stephan"]
[Result "1/2-1/2"]
[WhiteElo "2071"]
[BlackElo "1926"]
[PlyCount "79"]
[EventDate "2018.08.23"]
[EventType "swiss"]
[EventRounds "7"]
[EventCountry "GER"]
[SourceTitle "CBM 186 Extra"]
[Source "ChessBase"]
[SourceDate "2018.08.24"]
[SourceVersion "1"]
[SourceVersionDate "2018.08.24"]
[SourceQuality "1"]

1. e4 c5 2. Nf3 Nc6 3. Bb5 g6 4. Bxc6 dxc6 5. d3 Bg7 6. 0-0 Nf6 7. h3 0-0 8. Nc3 Nd7 9. Ne2 e5 10. c3 Qe7 11. Qb3 Nf6 12. Qa3 Re8 13. Ng3 b6 14. Be3 h6 15. Rad1 Qc7 16. b3 a5 17. Rfe1 Ba6 18. Qc1 Kh7 19. d4 cxd4 20. cxd4 exd4 21. Bf4 Qb7 22. e5 Nd5 23. Nxd4 Nxf4 24. Qxf4 c5 25. Nf3 Rad8 26. Rxd8 Rxd8 27. Ne4 Qe7 28. g4 Bb7 29. g5 h5 30. Re3 Bxe4 31. Rxe4 Qe6 32. Kg2 Rd1 33. Nd2 Qd5 34. Nc4 Rd4 35. f3 Rxe4 36. Qxe4 Qxe4 37. fxe4 b5 38. Nd6 Bxe5 39. Nxb5 Kg7 40. Na3 1/2-1/2

[Event "Wiesbaden op 30th"]
[Site "Wiesbaden"]
[Date "2018.08.24"]
[Round "3"]
[White "Kobs, Stephan"]
[Black "Seickel, Ralf"]
[Result "1/2-1/2"]
[WhiteElo "1926"]
[BlackElo "2050"]
[PlyCount "31"]
[EventDate "2018.08.23"]
[EventType "swiss"]
[EventRounds "7"]
[EventCountry "GER"]
[SourceTitle "CBM 186 Extra"]
[Source "ChessBase"]
[SourceDate "2018.08.24"]
[SourceVersion "1"]
[SourceVersionDate "2018.08.24"]
[SourceQuality "1"]

1. e4 c5 2. Nf3 a6 3. c4 Nc6 4. d4 cxd4 5. Nxd4 Nf6 6. Nc3 d6 7. Be2 g6 8. Be3 Bg7 9. 0-0 0-0 10. Rc1 Bd7 11. Qd2 Nxd4 12. Bxd4 b5 13. f3 Qa5 14. b3 b4 15. Nd5 Nxd5 16. Bxg7 1/2-1/2

[Event "Niedersachsen-ch op B"]
[Site "Verden"]
[Date "2018.01.04"]
[Round "2"]
[White "Rausch, Darius"]
[Black "Kobs, Stephan"]
[Result "0-1"]
[WhiteElo "1651"]
[BlackElo "1852"]
[PlyCount "100"]
[EventDate "2018.01.04"]
[EventType "swiss"]
[EventRounds "7"]
[EventCountry "GER"]
[SourceTitle "EXT 2022"]
[Source "ChessBase"]
[SourceDate "2021.10.06"]
[SourceVersion "1"]
[SourceVersionDate "2021.10.06"]
[SourceQuality "1"]

1. e4 c5 2. Nc3 Nc6 3. Bb5 Nd4 4. Bc4 e6 5. Nge2 a6 6. d3 b5 7. Bb3 g6 8. 0-0 Bg7 9. f4 Ne7 10. Nxd4 cxd4 11. Ne2 f5 12. Ng3 0-0 13. Bd2 a5 14. a3 Bb7 15. Qe1 Kh8 16. Kh1 Ra6 17. Rc1 Nc6 18. Ne2 Qe7 19. Ng1 fxe4 20. dxe4 e5 21. Nh3 exf4 22. Rxf4 Rxf4 23. Bxf4 Ne5 24. Ng5 Rf6 25. Bxe5 Qxe5 26. Nf7+ Rxf7 27. Bxf7 Bxe4 28. Qg3 Qxg3 29. hxg3 Bh6 30. Rd1 Be3 31. Re1 Bxc2 32. Rxe3 dxe3 33. Kg1 Bd3 34. Be8 d5 35. Bc6 d4 36. a4 bxa4 37. Bxa4 Kg7 38. Bc6 Kf6 39. Bd5 h5 40. Bc6 Ke5 41. Bb7 Kd6 42. Ba8 Kc5 43. Bb7 Kb4 44. Bd5 a4 45. Bf7 a3 46. bxa3+ Kxa3 47. Bd5 Kb2 48. Bf3 Kc1 49. Bd5 Kd2 50. Bf3 e2 0-1

[Event "Langenhagen-ch op"]
[Site "Langenhagen"]
[Date "2017.08.26"]
[Round "3"]
[White "Wittur, Helge"]
[Black "Kobs, Stephan"]
[Result "1/2-1/2"]
[WhiteElo "1863"]
[BlackElo "1875"]
[PlyCount "34"]
[EventDate "2017.06.10"]
[EventType "swiss"]
[EventRounds "7"]
[EventCountry "GER"]
[SourceTitle "EXT 2022"]
[Source "ChessBase"]
[SourceDate "2021.10.06"]
[SourceVersion "1"]
[SourceVersionDate "2021.10.06"]
[SourceQuality "1"]

1. d4 Nf6 2. c4 c5 3. Nf3 cxd4 4. Nxd4 a6 5. g3 g6 6. Bg2 Bg7 7. 0-0 0-0 8. Nc3 Nc6 9. e4 Nxd4 10. Qxd4 d6 11. c5 Nd7 12. Qb4 Nxc5 13. Be3 Nd7 14. Rac1 Rb8 15. Ba7 Ra8 16. Be3 Rb8 17. Ba7 Ra8 1/2-1/2

[Event "Wiesbaden op 29th"]
[Site "Wiesbaden"]
[Date "2017.08.25"]
[Round "2"]
[White "Kobs, Stephan"]
[Black "Engel, Berthold"]
[Result "0-1"]
[WhiteElo "1937"]
[BlackElo "2177"]
[PlyCount "74"]
[EventDate "2017.08.24"]
[EventType "swiss"]
[EventRounds "7"]
[EventCountry "GER"]
[SourceTitle "CBM 180 Extra"]
[Source "ChessBase"]
[SourceDate "2017.10.06"]
[SourceVersion "1"]
[SourceVersionDate "2017.10.06"]
[SourceQuality "1"]

1. e4 Nc6 2. d4 d5 3. Nc3 Nf6 4. e5 Ng8 5. Nf3 Bf5 6. Bd3 Bxd3 7. Qxd3 e6 8. a3 Qd7 9. 0-0 Nge7 10. Bd2 h6 11. Ne2 Nc8 12. Ng3 g6 13. Rfe1 Nb6 14. b3 0-0-0 15. Bc3 Ne7 16. a4 Nf5 17. a5 Na8 18. Ra4 Nxg3 19. hxg3 c6 20. Qd2 Nc7 21. Bb4 Bxb4 22. Qxb4 Na6 23. Qa3 Kb8 24. b4 Nc7 25. Qa1 Nb5 26. Ra2 a6 27. c3 Qe7 28. Qc1 Rdg8 29. Kf1 g5 30. Re3 h5 31. Ne1 g4 32. Nd3 h4 33. gxh4 Rxh4 34. Ke2 Rh2 35. Rg3 Qg5 36. Qxg5 Nxc3+ 37. Kd2 Ne4+ 0-1

[Event "Wiesbaden op 29th"]
[Site "Wiesbaden"]
[Date "2017.08.24"]
[Round "1"]
[White "Ochs, Daniel Elias"]
[Black "Kobs, Stephan"]
[Result "0-1"]
[WhiteElo "1571"]
[BlackElo "1937"]
[PlyCount "98"]
[EventDate "2017.08.24"]
[EventType "swiss"]
[EventRounds "7"]
[EventCountry "GER"]
[SourceTitle "CBM 180 Extra"]
[Source "ChessBase"]
[SourceDate "2017.10.06"]
[SourceVersion "1"]
[SourceVersionDate "2017.10.06"]
[SourceQuality "1"]

1. d4 Nf6 2. Nf3 g6 3. c3 Bg7 4. Bf4 b6 5. e3 Bb7 6. Nbd2 0-0 7. Bd3 d6 8. 0-0 c5 9. a3 Nc6 10. Bg3 Re8 11. Rc1 e5 12. Bb1 e4 13. Ng5 d5 14. b4 c4 15. Nh3 Nh5 16. Nf4 Nxg3 17. hxg3 b5 18. a4 a6 19. a5 Bc8 20. Bc2 Ra7 21. Qe1 Bh6 22. Qe2 Rae7 23. Rfe1 Qd6 24. Nf1 Nd8 25. Bd1 f5 26. Nh2 Ne6 27. Qd2 Rf8 28. Kh1 Bd7 29. Be2 Be8 30. Rcd1 Ng7 31. Rf1 g5 32. Nh3 Bd7 33. Rde1 Ref7 34. Bd1 Rf6 35. Kg1 g4 36. Nf4 Bxf4 37. gxf4 Rh6 38. g3 Qg6 39. Kg2 Rxh2+ 40. Kxh2 Qh5+ 41. Kg1 Rf6 42. f3 Rh6 43. Qg2 exf3 44. Bxf3 gxf3 45. Rxf3 Qg4 46. Kf2 Be8 47. Kg1 Rh3 48. e4 fxe4 49. Rfe3 Nf5 0-1

[Event "Vellmar op 9th"]
[Site "Vellmar"]
[Date "2017.07.16"]
[Round "6"]
[White "Bennedik, Martin"]
[Black "Kobs, Stephan"]
[Result "1-0"]
[WhiteElo "2086"]
[BlackElo "1938"]
[PlyCount "101"]
[EventDate "2017.07.13"]
[EventType "swiss"]
[EventRounds "7"]
[EventCountry "GER"]
[SourceTitle "CBM 179 Extra"]
[Source "ChessBase"]
[SourceDate "2017.08.23"]
[SourceVersion "1"]
[SourceVersionDate "2017.08.23"]
[SourceQuality "1"]

1. e4 c5 2. Nf3 d6 3. d4 cxd4 4. Nxd4 Nf6 5. Nc3 a6 6. Be2 e6 7. 0-0 Be7 8. Be3 0-0 9. f4 Qc7 10. g4 Nc6 11. g5 Nd7 12. f5 Nde5 13. f6 Bd8 14. Bd3 g6 15. Qe1 Kh8 16. Qh4 h5 17. Be2 Kh7 18. Bxh5 Rh8 19. Be2+ Kg8 20. Qg3 Nxd4 21. Bxd4 Nc6 22. Be3 Qa5 23. Qxd6 Bc7 24. Qc5 Qxc5 25. Bxc5 b6 26. Be3 Rxh2 27. Bxb6 Rxe2 28. Bxc7 Rxc2 29. Rf2 Rxf2 30. Kxf2 Ra7 31. Bd6 Rb7 32. b3 Rd7 33. Rd1 Nd8 34. Na4 Nb7 35. e5 Rd8 36. Nb6 Nc5 37. Nxc8 Rxc8 38. Ke3 Nd7 39. Rd4 Nb6 40. Kd3 Nd5 41. Rc4 Ra8 42. Kd4 Nf4 43. Kc5 Nh3 44. Kb6 Nxg5 45. Kb7 Re8 46. b4 Nf3 47. a4 Kh7 48. Rc7 Kg8 49. Kxa6 Ra8+ 50. Ra7 Rc8 51. b5 1-0

[Event "Vellmar op 9th"]
[Site "Vellmar"]
[Date "2017.07.15"]
[Round "5"]
[White "Kobs, Stephan"]
[Black "Boerma, Daniel"]
[Result "1-0"]
[WhiteElo "1938"]
[BlackElo "1825"]
[PlyCount "49"]
[EventDate "2017.07.13"]
[EventType "swiss"]
[EventRounds "7"]
[EventCountry "GER"]
[SourceTitle "CBM 179 Extra"]
[Source "ChessBase"]
[SourceDate "2017.08.23"]
[SourceVersion "1"]
[SourceVersionDate "2017.08.23"]
[SourceQuality "1"]

1. e4 c5 2. Nf3 e6 3. b3 Nc6 4. Bb2 Qc7 5. Nc3 a6 6. g3 b5 7. Bg2 Bb7 8. 0-0 d6 9. d4 cxd4 10. Nxd4 Nf6 11. Re1 Be7 12. Nxc6 Bxc6 13. a3 0-0 14. Qe2 Rac8 15. Rac1 Qb7 16. Rcd1 Rc7 17. Rd2 Rfc8 18. g4 Ne8 19. Nd5 Bxd5 20. exd5 exd5 21. Bxd5 Qb8 22. Qxe7 Rxe7 23. Rxe7 Nf6 24. Bxf6 gxf6 25. Rxf7 1-0

[Event "Hessen-chA"]
[Site "Marburg"]
[Date "2017.??.??"]
[Round "4"]
[White "Kobs, Stephan"]
[Black "Feicht, Arno"]
[Result "0-1"]
[WhiteElo "1936"]
[BlackElo "2038"]
[PlyCount "196"]
[EventDate "2017.05.24"]
[EventType "swiss"]
[EventRounds "7"]
[EventCountry "GER"]
[SourceTitle "EXT 2018"]
[Source "ChessBase"]
[SourceDate "2017.10.13"]
[SourceVersion "1"]
[SourceVersionDate "2017.10.13"]
[SourceQuality "1"]

1. e4 c5 2. Nf3 Nc6 3. d4 cxd4 4. Nxd4 e5 5. Nb5 d6 6. N5c3 Be7 7. Nd5 Nf6 8. Nxf6+ Bxf6 9. Nc3 0-0 10. Nd5 Be6 11. Bd3 Bg5 12. 0-0 Rc8 13. Qh5 Bxc1 14. Raxc1 g6 15. Qh6 Bxd5 16. exd5 Nb4 17. Rfd1 Nxa2 18. Ra1 Nb4 19. c4 Qf6 20. Ra4 Nxd3 21. Rxd3 a6 22. Rb4 Rc7 23. Rdb3 Qf5 24. Rc3 Rfc8 25. Qc1 Kg7 26. Rh3 h5 27. Rc3 Qd7 28. f4 Qf5 29. fxe5 Qxe5 30. Qe3 Qf6 31. Qf2 Qe5 32. Qe3 Re8 33. Qxe5+ Rxe5 34. h3 Kf8 35. Rcb3 Ree7 36. Rb6 Rxc4 37. Rxb7 Rc1+ 38. Kf2 Rc2+ 39. Kf1 Ree2 40. Rf3 f5 41. Rfb3 Rf2+ 42. Ke1 Rxg2 43. Kd1 Rcd2+ 44. Ke1 Rxd5 45. Rb8+ Kf7 46. R3b7+ Kf6 47. h4 Ke5 48. Re8+ Kd4 49. Kf1 Rh2 50. Kg1 Rd2 51. Re6 Rc2 52. Rxg6 Ke5 53. Re7+ Kf4 54. Re1 Rxb2 55. Rf1+ Ke4 56. Re6+ Kd4 57. Rd1+ Kc5 58. Rc1+ Kb5 59. Re8 Rdd2 60. Rb8+ Ka4 61. Ra1+ Ra2 62. Rab1 a5 63. Rc8 d5 64. Rf8 Rg2+ 65. Kh1 Rh2+ 66. Kg1 Rxh4 67. Rxf5 Rb4 68. Rd1 d4 69. Rxh5 Kb3 70. Rh3+ Kc4 71. Rc1+ Kd5 72. Rh5+ Ke4 73. Re1+ Kf4 74. Rh8 Rbb2 75. Rf8+ Kg5 76. Re5+ Kg6 77. Rf3 Rb1+ 78. Rf1 Rxf1+ 79. Kxf1 Kf6 80. Rd5 Ra4 81. Ke2 Ke6 82. Rd8 Ke5 83. Kd3 Ra3+ 84. Kd2 a4 85. Rd7 Rb3 86. Ra7 a3 87. Kd1 Ke4 88. Kc2 Rb2+ 89. Kc1 Rb3 90. Kc2 Rc3+ 91. Kd2 Rh3 92. Re7+ Kd5 93. Rd7+ Kc4 94. Rc7+ Kb3 95. Rb7+ Ka2 96. Kd1 Rb3 97. Rd7 d3 98. Kd2 Kb2 0-1

[Event "Vellmar op 8th"]
[Site "Vellmar"]
[Date "2016.07.31"]
[Round "7"]
[White "Bergauz, Avigdor"]
[Black "Kobs, Stephan"]
[Result "0-1"]
[WhiteElo "2153"]
[BlackElo "1933"]
[PlyCount "41"]
[EventDate "2016.07.28"]
[EventType "swiss"]
[EventRounds "7"]
[EventCountry "GER"]
[SourceTitle "CBM 173 Extra"]
[Source "ChessBase"]
[SourceDate "2016.08.29"]
[SourceVersion "1"]
[SourceVersionDate "2016.08.29"]
[SourceQuality "1"]

1. c4 g6 2. g3 Bg7 3. Bg2 d6 4. Nc3 e5 5. e3 Nc6 6. Rb1 a5 7. a3 Bf5 8. d3 Qd7 9. Nd5 Nge7 10. Ne2 0-0 11. h3 Be6 12. 0-0 Nd8 13. Nxe7+ Qxe7 14. b4 axb4 15. axb4 Qd7 16. Kh2 d5 17. c5 c6 18. Bb2 f5 19. Ra1 Nf7 20. d4 e4 21. Ng1 0-1

[Event "Vellmar op 8th"]
[Site "Vellmar"]
[Date "2016.07.30"]
[Round "5"]
[White "Ziegenfuss, Antonia"]
[Black "Kobs, Stephan"]
[Result "0-1"]
[WhiteElo "1728"]
[BlackElo "1933"]
[PlyCount "78"]
[EventDate "2016.07.28"]
[EventType "swiss"]
[EventRounds "7"]
[EventCountry "GER"]
[SourceTitle "CBM 173 Extra"]
[Source "ChessBase"]
[SourceDate "2016.08.29"]
[SourceVersion "1"]
[SourceVersionDate "2016.08.29"]
[SourceQuality "1"]

1. e4 e5 2. Nf3 Nc6 3. Bc4 Nf6 4. Ng5 d5 5. exd5 Na5 6. Bb5+ c6 7. dxc6 bxc6 8. Qf3 Bd7 9. Bd3 h6 10. Ne4 Nd5 11. Ng3 Bd6 12. 0-0 g6 13. c4 Nf4 14. b3 Nxd3 15. Qxd3 Nb7 16. Ne4 Bc7 17. Qg3 Qe7 18. Ba3 Qe6 19. Nbc3 f5 20. Nc5 Nxc5 21. Bxc5 Kf7 22. Rfe1 Rhe8 23. Qh3 Kg7 24. d4 Qf6 25. d5 Bb6 26. Ba3 Bd4 27. Rad1 e4 28. Bb2 e3 29. fxe3 Bxc3 30. Bxc3 Qxc3 31. dxc6 Bxc6 32. Qg3 Qe5 33. Qh4 Qe4 34. Qg3 Qe5 35. Qh4 Re7 36. Qd4 Rae8 37. Qd2 Rd7 38. Qc1 Rxd1 39. Qxd1 f4 0-1

[Event "Vellmar op 8th"]
[Site "Vellmar"]
[Date "2016.07.29"]
[Round "2"]
[White "Kobs, Stephan"]
[Black "Langjahr, Marius"]
[Result "1/2-1/2"]
[WhiteElo "1933"]
[BlackElo "1812"]
[PlyCount "45"]
[EventDate "2016.07.28"]
[EventType "swiss"]
[EventRounds "7"]
[EventCountry "GER"]
[SourceTitle "CBM 173 Extra"]
[Source "ChessBase"]
[SourceDate "2016.08.29"]
[SourceVersion "1"]
[SourceVersionDate "2016.08.29"]
[SourceQuality "1"]

1. e4 e6 2. d4 d5 3. Nc3 Bb4 4. e5 Ne7 5. a3 Bxc3+ 6. bxc3 b6 7. Qg4 Ng6 8. h4 h5 9. Qg3 Ba6 10. Bxa6 Nxa6 11. Bg5 Qc8 12. Qd3 Nb8 13. Ne2 Nc6 14. Ng3 Nf8 15. Qf3 g6 16. Bf6 Rh7 17. Qd3 Na5 18. 0-0 Nd7 19. Bg5 c5 20. Ne2 cxd4 21. cxd4 Qc4 22. Qxc4 Nxc4 23. Rfb1 1/2-1/2

[Event "Wiesbaden op 27th"]
[Site "Wiesbaden"]
[Date "2015.08.30"]
[Round "7"]
[White "Arns, Alexander"]
[Black "Kobs, Stephan"]
[Result "1/2-1/2"]
[WhiteElo "1767"]
[BlackElo "1920"]
[PlyCount "20"]
[EventDate "2015.08.27"]
[EventType "swiss"]
[EventRounds "7"]
[EventCountry "GER"]
[SourceTitle "EXT 2016"]
[Source "ChessBase"]
[SourceDate "2015.10.08"]
[SourceVersion "1"]
[SourceVersionDate "2015.10.08"]
[SourceQuality "1"]

1. c4 g6 2. Nc3 Bg7 3. g3 d6 4. Bg2 e5 5. e4 Nc6 6. Nge2 Be6 7. d3 Qd7 8. h3 Nge7 9. Be3 Nd4 10. Nd5 Nxe2 1/2-1/2

[Event "Wiesbaden op 27th"]
[Site "Wiesbaden"]
[Date "2015.08.30"]
[Round "6"]
[White "Kobs, Stephan"]
[Black "Zeyen, Helmut"]
[Result "1/2-1/2"]
[WhiteElo "1920"]
[BlackElo "1811"]
[PlyCount "39"]
[EventDate "2015.08.27"]
[EventType "swiss"]
[EventRounds "7"]
[EventCountry "GER"]
[SourceTitle "EXT 2016"]
[Source "ChessBase"]
[SourceDate "2015.10.08"]
[SourceVersion "1"]
[SourceVersionDate "2015.10.08"]
[SourceQuality "1"]

1. e4 d5 2. exd5 Nf6 3. c4 c6 4. d4 cxd5 5. Nc3 g6 6. Qb3 Bg7 7. cxd5 0-0 8. Nge2 Na6 9. g3 b6 10. Bg2 Bb7 11. 0-0 Qd7 12. Nf4 Rfd8 13. Be3 Qd6 14. Nb5 Qb4 15. Qxb4 Nxb4 16. d6 Bxg2 17. dxe7 Bxf1 18. exd8Q+ Rxd8 19. Kxf1 Nc2 20. Rc1 1/2-1/2